Detalles MARC
| 000 -ENCABEZADO |
| Número de control [NR] |
03834nam a22003857i 4500 |
| 001 - NÚMERO DE CONTROL |
| control field |
B-12208 |
| 003 - IDENTIFICADOR DE CONTROL NÚMERO |
| control field |
CO-BoFNCP |
| 007 - CAMPO DESCRIPCIÓN FÍSICA FIJA - INFORMACIÓN GENERAL |
| fixed length control field |
t|| |
| 008 - DE LONGITUD FIJA DE DATOS DE ELEMENTOS - INFORMACIÓN GENERAL |
| Elementos de longitud fija [NR] |
090820s2009 ck r spa d |
| 040 ## - FUENTE DE CATALOGACION [NR] |
| Agencia de catalogación original [NR] |
CO-BoFNCP |
| Idioma de catalogación [NR] |
Español |
| Quien Cataloga |
CO-BoFNCP |
| Convenciones de la descripción [NR] |
rda |
| 041 ## - CODIGO DE IDIOMA [R] |
| Código de idioma para texto/pista de sonido o título separado [R] |
Español |
| 043 ## - CODIGO DE AREA GEOGRAFICA [NR] |
| Código de área geográfica [R] |
ck |
| 084 ## - OTRO NUMERO DE CLASIFICACION [R] |
| Número clasificador [R] |
A- |
| 100 1# - ASIENTO PRINCIPAL--NOMBRE PERSONAL [NR] |
| Nombre personal [NR] |
Martínez L., Gerardo, |
| Término relacionador [R] |
autor. |
| Relator code |
aut |
| ID Autoridad |
33358 |
| 245 00 - MENCION DE TITULO [NR] |
| Título [NR] |
Evaluación y cuantificación de estructuras de Phytophthora palmivora, el responsable de la pudrición del cogollo (PC) de la palma de aceite. |
| 264 #1 - PRODUCCIÓN, PUBLICACIÓN, DISTRIBUCIÓN, FABRICACIÓN Y COPYRIGHT |
| Producción, publicación, distribución, fabricación y copyright |
Palmira : |
| Nombre del de productor, editor, distribuidor, fabricante |
Ascolfi, |
| Fecha de producción, publicación, distribución, fabricación o copyright |
2009. |
| 300 ## - DESCRIPCION FISICA [R] |
| Extensión [R] |
páginas 45-50 : |
| Otros detalles físicos [NR] |
Fotografías. |
| 336 ## - TIPO DE CONTENIDO |
| Término de tipo de contenido |
texto |
| Código de tipo de contenido |
txt |
| Fuente |
rdacontent |
| 337 ## - TIPO DE MEDIO |
| Nombre/término del tipo de medio |
sin mediación |
| Código del tipo de medio |
n |
| Fuente |
rdamedia |
| 338 ## - TIPO DE SOPORTE |
| Nombre/término del tipo de soporte |
volumen |
| Código del tipo de soporte |
nc |
| Fuente |
rdacarrier |
| 504 ## - NOTA DE BIBLIOGRAFIA, ETC. [R] |
| Nota de bibliografía, etc. [NR] |
Incluye referencias bibliográficas. |
| 520 ## - NOTA DE RESUMEN, ETC. [R] |
| Nota de sumario, etc. [NR] |
Una vez identificado Phytophthora palmivora como el agente causal primario de la pudrición de cogollo de la palma de aceite, se evaluó su crecimiento y desarrollo en diferentes medios y se cuantificó la formación de clamidosporas y esporangios. Los aislamientos se obtuvieron usando como trampa frutos de cacao inoculados directamente con el tejido de plantas de palma de aceite afectadas por PC. Se utilizaron como sustrato: agar-avena, agar-avena más antibiótico, agar-agua, PDA + zanahoria, jugo de vegetales y agar-jugo de pera, entre otros, midiendo el crecimiento del pseudohongo y la presencia de estructuras reproductivas. Para promover la esporulación se inoculó el microorganismo en frutos de papaya, cacao, pera, manzana, naranja y pimentón. El mayor desarrollo se logro en agar-avena, agar-avena más antibiótico y agar-pera. En agar-avena más antibióticos, el micelio desarrolló una colonia de apariencia algodonosa; en agar-pera en forma de roseta, ligeramente levantado; en agar-papaya en forma de roseta, pegado al emdio, presentando el mayor número de esporangios, 24 por campo, y en promedio cinco clamidosporas; en agar V8 el micelio presentó forma de estrella ligeramente levantado y en agar-malta fue fue levantado y esponjoso, similar al de agar-avena pero un poco compacto; y en agar-agua se desarrolló inmerso en el medio de manera lenta. En todos los casos el crecimiento micelial de P. palmivora fue delgado, delicado y de consistencia aparentemente acuosa, características que dificultaron su recuperación y multiplicación, pero a su vez fueron una herramienta de diferenciación con otros microorganismos. En los frutos inoculados se registraron diferencias en la presencia de estructuras. El mayor crecimiento micelial se obtuvo en papaya; en pera la esporulación se presentó en pequeños copos o montículos; en manzana no se observo desarrollo de micelio, ni de esporangios o clamidosporas; en pimentón se produjo descomposición rápida del tejido, acompañado con olor desagradable y abundante micelio cubriendo la pulpa. P. palmivora se desarrolló bien en diferentes medios de cultivo, una vez eliminada la competencia con otros microorganismos. Los frutos de cacao como trampa para la captura del patógeno permitieron iniciar el proceso de aislamiento y purificación. Con papaya, pera y pimentón se logró buen crecimiento micelial y abundantes esporangios y clamidosporas. El perfeccionamiento de esta técnica confirmará el diagnóstico de la PC directamente en las plantaciones. |
| 650 #0 - ASIENTO SECUNDARIO DE MATERIA - TERMINO TEMATICO [R] |
| Término temático o nombre geográfico como elemento de entrada [NR] |
Enfermedades de las plantas. |
| 9 (RLIN) |
9341 |
| 650 #0 - ASIENTO SECUNDARIO DE MATERIA - TERMINO TEMATICO [R] |
| Término temático o nombre geográfico como elemento de entrada [NR] |
Pudrición del cogollo |
| 9 (RLIN) |
30852. |
| 650 #0 - ASIENTO SECUNDARIO DE MATERIA - TERMINO TEMATICO [R] |
| Término temático o nombre geográfico como elemento de entrada [NR] |
Palma de aceite |
| 9 (RLIN) |
37678. |
| 700 1# - ASIENTO SECUNDARIO - NOMBRE PERSONAL [R] |
| Nombre personal [NR] |
Noreña, Cristián |
| 9 (RLIN) |
44277. |
| 700 1# - ASIENTO SECUNDARIO - NOMBRE PERSONAL [R] |
| Nombre personal [NR] |
Sarria, Greicy A. |
| 9 (RLIN) |
41330. |
| 700 1# - ASIENTO SECUNDARIO - NOMBRE PERSONAL [R] |
| Nombre personal [NR] |
Torres, Gabriel A. |
| 9 (RLIN) |
41331. |
| 700 1# - ASIENTO SECUNDARIO - NOMBRE PERSONAL [R] |
| Nombre personal [NR] |
Varón, Francia |
| 9 (RLIN) |
41332. |
| 700 1# - ASIENTO SECUNDARIO - NOMBRE PERSONAL [R] |
| Nombre personal [NR] |
Vélez, Diana C. |
| 9 (RLIN) |
41333. |
| 773 0# - ASIENTO DEL ITEM FUENTE [R] |
| Asiento principal [NR] |
Fitopatología Colombiana |
| Información sobre la relación [R] |
v. 32, no. 2 (Febrero 2009), p.45-50 |
| Número de control del registro [R] |
A- |
| Número Internacional Normalizado para Publicaciones Seriadas - ISSN [NR] |
0120-0143 |
| 942 ## - ELEMENTOS DE ENTRADA AGREGADOS (KOHA) |
| Sistema de clasificación |
Local |
| Tipo de ítem principal el descrito en 300a |
Artículo |
| 999 ## - NÚMEROS DE SISTEMAS DE CONTROL (KOHA) |
| Koha biblionumber |
26556 |
| 999 ## - NÚMEROS DE SISTEMAS DE CONTROL (KOHA) |
| Registro cosechable |
Si |